|
|
|
|
| LEADER |
00000nas a2200000 a 4500 |
| 001 |
ssj0034703 |
| 003 |
WaSeSS |
| 005 |
20200512172242.0 |
| 006 |
m d |
| 007 |
cr n |
| 008 |
050614c19659999enkar s o 0 0eng c |
| 010 |
|
|
|a 2008234566
|
| 016 |
7 |
|
|a 990977374
|2 DE-101
|
| 016 |
7 |
|
|a 2460718-6
|2 DE-600
|
| 022 |
|
|
|y 0531-9684
|
| 024 |
8 |
|
|a eb818457
|
| 035 |
|
|
|a (WaSeSS)ssj0034703
|
| 040 |
|
|
|a OCLCS
|b eng
|c OCLCS
|d EYM
|d HUL
|d OCLCQ
|d GWDNB
|d GBVCP
|d OCLCO
|d OCLCQ
|d OCLCF
|d CUS
|d OCLCO
|d CGU
|d OCLCQ
|d DEBBG
|d WT2
|d GILDS
|d OCLCO
|d OCLCQ
|d WYU
|d VT2
|d OCLCQ
|d OCLCO
|d WaSeSS
|
| 042 |
|
|
|a pcc
|
| 043 |
|
|
|a e-uk-en
|
| 050 |
1 |
4 |
|a ML5
|
| 245 |
0 |
0 |
|a Folk music journal
|h [electronic resource].
|
| 260 |
|
|
|a London :
|b English Folk Dance and Song Society,
|c 1965-
|
| 310 |
|
|
|a Annual
|
| 362 |
1 |
|
|a Began with: [vol. 1, no. 1] (1965).
|
| 506 |
|
|
|a License restrictions may limit access.
|
| 515 |
|
|
|a Issues for 1965 and 1966 are unnumbered, but constitute v. 1, no. 1-2.
|
| 588 |
0 |
|
|a [Vol. 1, no. 1] (1965); title from cover (JSTOR, viewed Oct. 24, 2008).
|
| 588 |
1 |
|
|a Vol. 8, no. 2 (2002) (JSTOR, viewed Oct. 24, 2008).
|
| 650 |
|
0 |
|a Folk dancing
|v Periodicals.
|
| 650 |
|
0 |
|a Folk dancing
|z England
|v Periodicals.
|
| 650 |
|
0 |
|a Folk songs, English.
|
| 650 |
|
0 |
|a Folk music
|x History and criticism
|v Periodicals.
|
| 650 |
|
7 |
|a Folk dancing.
|2 fast
|0 (OCoLC)fst00928643
|
| 650 |
|
7 |
|a Folk music.
|2 fast
|0 (OCoLC)fst00929383
|
| 650 |
|
7 |
|a Folk songs, English.
|2 fast
|0 (OCoLC)fst00929875
|
| 651 |
|
7 |
|a England.
|2 fast
|0 (OCoLC)fst01219920
|
| 655 |
|
0 |
|a Electronic journals.
|
| 710 |
2 |
|
|a English Folk Dance and Song Society.
|
| 776 |
0 |
8 |
|i Print version:
|t Folk music journal
|x 0531-9684
|w (DLC)sn 86009346
|w (OCoLC)1569568
|
| 780 |
0 |
0 |
|t Journal of the English Folk Dance and Song Society
|w (DLC) 2008234567
|w (OCoLC)263448388
|
| 856 |
4 |
0 |
|z Full text available from Research Library: 01/01/2001 to present
|u https://search.proquest.com/publication/47463
|